Business policy in an Asian context : (Record no. 7245)

MARC details
000 -LEADER
fixed length control field 00555nam a22001817a 4500
003 - CONTROL NUMBER IDENTIFIER
control field OSt
005 - DATE AND TIME OF LATEST TRANSACTION
control field 20260110015331.0
008 - FIXED-LENGTH DATA ELEMENTS--GENERAL INFORMATION
fixed length control field 260110b |||||||| |||| 00| 0 eng d
020 ## - INTERNATIONAL STANDARD BOOK NUMBER
International Standard Book Number 971-554-068-6
040 ## - CATALOGING SOURCE
Original cataloging agency DWCL-Admin lib
Transcribing agency OC
082 ## - DEWEY DECIMAL CLASSIFICATION NUMBER
Classification number Fil. 658.4 S714b 1989
100 ## - MAIN ENTRY--PERSONAL NAME
Personal name Soriano, Emanuel V.
245 ## - TITLE STATEMENT
Title Business policy in an Asian context :
Remainder of title text and cases /
Statement of responsibility, etc. Emanuel V. Soriano
260 ## - PUBLICATION, DISTRIBUTION, ETC.
Place of publication, distribution, etc. Philippines :
Name of publisher, distributor, etc. Sinag-tala,
Date of publication, distribution, etc. c1989.
300 ## - PHYSICAL DESCRIPTION
Extent 594 p. ;
Dimensions 22 cm.
700 ## - ADDED ENTRY--PERSONAL NAME
Personal name Nehrt, Lee C.
942 ## - ADDED ENTRY ELEMENTS (KOHA)
Source of classification or shelving scheme Dewey Decimal Classification
Koha item type Book-Filipiniana
Edition 3rd ed.
Classification part Fil.
Suppress in OPAC No
952 ## - LOCATION AND ITEM INFORMATION (KOHA)
--
Holdings
Withdrawn status Lost status Source of classification or shelving scheme Damaged status Not for loan Home library Current library Shelving location Date acquired Source of acquisition Cost, normal purchase price Total Checkouts Full call number Barcode Date last seen Copy number Price effective from Koha item type Uniform Resource Identifier
    Dewey Decimal Classification     College Library College Library Filipiniana 07/09/2004 School Fund 0.00   Fil. 658.4 S714b 1989 40408 01/10/2026 c4 01/10/2026 BK - FIL